An introduction to the study of english literature / (Record no. 145885)

MARC details
000 -LEADER
fixed length control field 00742nam a22002057a 4500
005 - DATE AND TIME OF LATEST TRANSACTION
control field 20180611155128.0
010 ## - LCCN (DPL NO)
LC control number B-689393-394
020 ## - INTERNATIONAL STANDARD BOOK NUMBER
International Standard Book Number 9788179981535
Terms of availability 125.00
035 ## - SYSTEM CONTROL NUMBER
System control number B-689393-394
037 ## - SOURCE OF ACQUISITION
Source of stock number/acquisition Malik & Com.
Stock number dpl
082 ## - DEWEY DECIMAL CLASSIFICATION NUMBER
Classification number 821
100 ## - MAIN ENTRY--PERSONAL NAME
Personal name Hudson, William Henry
245 ## - TITLE STATEMENT
Title An introduction to the study of english literature /
Statement of responsibility, etc by William Henry Hudson
260 ## - PUBLICATION, DISTRIBUTION, ETC. (IMPRINT)
Place of publication, distribution, etc New Delhi
Name of publisher, distributor, etc Malik & Company
Date of publication, distribution, etc 2015
270 ## - ADDRESS
Address 23 Daryaganj,
City New Delhi
Postal code 110002
300 v# - PHYSICAL DESCRIPTION
Extent x,318p.
Dimensions 21cm(pbk)
500 ## - GENERAL NOTE
General note Includes index
942 ## - ADDED ENTRY ELEMENTS (KOHA)
Source of classification or shelving scheme Dewey Decimal Classification
Item type English Books
Call number suffix HUD
Classification part 821
Holdings
Withdrawn status Lost status Not for loan Collection code Home library Current library Date acquired Source of acquisition Cost, normal purchase price Full call number Barcode Copy number Cost, replacement price Koha item type
      Non-fiction Ashok Vihar Ashok Vihar 11/06/2018 Malik/JN/835/05-12-17/659/20.11.17/30-1-18 125.00 821 HUD B-689394 1 125.00 English Books
      Non-fiction Central Library Central Library 11/06/2018 Malik/JN/835/05-12-17/659/20.11.17/30-1-18 125.00 821 HUD B-689393 1 125.00 English Books

© Delhi Public Library
Hit Counter
free hit counter